01315nam a2200193 a 4500001001300000003000900013005001700022008004100039020001000080082001300090100001800103245005900121260002900180300000900209500003500218505001000253505084500263650001301108nice12345678IN_TiNIC20260116011252.0050524s1953 lona grp 000 0 eng  ac10000a230bBAI aBaillie, John aLibrary of Christian Classics, Early Christian Fathers aLondonbScm Press c1953 a415p aincludes index and biblioraphy2 aIndex2 aIndex00gV6C1.tAugustine: Earlier Writings.--gV 1.tLibrary of Christian Classics, Early Christian Fat.--gV1C2.tLib. Early Christian Fathers.--gV2.tAlexandrian Christianity.--gV4.tCyril of Jerusalem and Nemesius of Emesa.--gV5.tEarly Latin Theology.--gV6C2.tAugustine: Earlier Writings.--gV7.tAugustine: Confessions Enchiridion.--gV9.tEarly Medieval Theology.--gV10.tScholastic Miscellany: Anselm to Ockham.--gV11.tNature and Grace.--gV 12.tWestern Asceticism.--gV 13.tLate Medieval Mysticism.--gV 14.tAdvocates of Reform from Wyclif to Erasmus.--gV 18.tLuther: Letters of Spiritual Council.--gV 22.tCalvin: Theological Treatises.--gV 23.tCalvin: Commentaries.--gV 24.tZwingli and Bullinger.--gV 25.tSpiritual and Anabaptist Writers.--gV3.tChristology of the Later Fathers.--gV 15.tLuther: Lectures o aTheology